public installation in india / (Record no. 196203)

MARC details
000 -LEADER
fixed length control field 00383nam a22001577a 4500
005 - DATE AND TIME OF LATEST TRANSACTION
control field 20230606145936.0
010 ## - LCCN (DPL NO)
LC control number B-680731
020 ## - INTERNATIONAL STANDARD BOOK NUMBER
Terms of availability 560.00
035 ## - SYSTEM CONTROL NUMBER
System control number B-680731
100 ## - MAIN ENTRY--PERSONAL NAME
Personal name Mehta
245 ## - TITLE STATEMENT
Title public installation in india /
Statement of responsibility, etc by Mehta
260 ## - PUBLICATION, DISTRIBUTION, ETC. (IMPRINT)
Place of publication, distribution, etc Delhi
Name of publisher, distributor, etc Pansy Books
270 ## - ADDRESS
Address Somesh Vihar,Chhawla,
City Delhi
Postal code 110071
300 ## - PHYSICAL DESCRIPTION
Extent vp.
Dimensions 22cm
942 ## - ADDED ENTRY ELEMENTS (KOHA)
Source of classification or shelving scheme Dewey Decimal Classification
Item type English Books
Call number suffix MEH
Holdings
Withdrawn status Lost status Not for loan Home library Current library Date acquired Cost, normal purchase price Full call number Barcode Copy number Cost, replacement price Koha item type
      Sarojini Nagar Sarojini Nagar 06/06/2023 560.00 MEH B-680731 1 560.00 English Books

© Delhi Public Library
Hit Counter
free hit counter